000
00213nam a2200085 4500
001
1254876
005
20251127130409.0
245
_a
KRAL ŞAKİR
_c
HALUK CAN DİZDAROĞLU- ÖZGÜR ÖCALAN
260
_b
İKİ A YAYINCILIK
999
_c
1254876
_d
1254876